00532cam a22001934a 45000010009000000050017000090080041000260100017000670200035000840400018001190410008001370420008001450800019001530820023001721000007001951010008002022450064002105040064002741286501920180208032700.0020722s2003 nhua b 001 0 eng  a 2002011670 a0867095199 (pbk. : alk. paper) aDLCcDLCdDLC aeng apcc a428.40712 KYL00a428.40712 KYL2211 a48 aPSI10aWhen kids can't read, what teachers can do :cKylene Beers. aIncludes bibliographical references (p. 369-378) and index.